|
|
|
|
| LEADER |
01292nam a2200313 a 4500 |
| 001 |
GR-Patra3799 |
| 008 |
991022s1991 gr z 000 0 gre d |
| 040 |
|
|
|a GrPaTEI
|b gre
|c GR-PaULI
|
| 245 |
0 |
2 |
|a Η ναυτιλία ως κλάδος των μεταφορών γιά το 1992.
|
| 260 |
|
|
|a Πάτρα :
|b ΤΕΙ Πάτρας,
|c 1991
|
| 300 |
|
|
|a 179σ.
|
| 500 |
|
|
|a Βιβλιογραφία: σ. 179. -- Πτυχιακή εργασία
|
| 650 |
|
4 |
|a Ελλάδα
|
| 650 |
|
4 |
|a ΚΛΑΔΟΣ ΜΕΤΑΦΟΡΑΣ
|
| 650 |
|
4 |
|a ΝΑΥΤΙΛΙΑ
|
| 650 |
|
4 |
|a Πτυχιακή εργασία
|
| 650 |
1 |
0 |
|a 1991
|
| 650 |
1 |
0 |
|a 1992
|
| 700 |
1 |
|
|a Αγγελοπούλου, Ανδρομάχη
|
| 700 |
1 |
|
|a Αλεξοπούλου, Σοφία
|
| 700 |
1 |
|
|a Ανθή, Ευρυδίκη
|
| 700 |
1 |
|
|a Ιγγλέσης, Σπυρίδων,
|c Εισηγητής
|
| 710 |
0 |
|
|a Σ.Δ.Ο..
|b Τμήμα Λογιστικής
|
| 710 |
0 |
|
|a ΤΕΙ Πάτρας
|
| 856 |
4 |
0 |
|u https://nereus.library.upatras.gr/formerpat/ptyxiakes/sdo/sdo_log/1990-1995/0976pe.pdf
|
| 942 |
|
|
|2 ddc
|
| 952 |
|
|
|0 0
|1 0
|2 ddc
|4 0
|7 0
|9 284970
|a LISK
|b LISK
|c BSC
|d 2021-01-17
|e 24
|f 0
|g 0.00
|l 0
|p 924100976
|r 2021-01-17 00:00:00
|t 1
|w 2021-01-17
|y BK15
|x 19991024 0 1
|x GrPaTEI
|
| 971 |
|
|
|a .b26513031
|b 16-04-20
|c 23-09-16
|
| 999 |
|
|
|c 165981
|d 165981
|